Central Library OPAC University of Rajshahi

Iqbal's educational philosophy / (Record no. 61229)

MARC details
000 -LEADER
fixed length control field 00699nam a2200241 a 4500
001 - CONTROL NUMBER
control field 61229
003 - CONTROL NUMBER IDENTIFIER
rucl marc code BD-RjUL
005 - DATE AND TIME OF LATEST TRANSACTION
control field 20211209080933.0
008 - FIXED-LENGTH DATA ELEMENTS--GENERAL INFORMATION
fixed length control field 170116s1960 pk 001 0 eng
035 ## - SYSTEM CONTROL NUMBER
System control number (BD-RjUL)61353
040 ## - CATALOGING SOURCE
Original cataloging agency DLC
Transcribing agency CUY
Modifying agency BD-RjUL
Language of cataloging eng
041 0# - LANGUAGE CODE
Language code of text/sound track or separate title engurdper
082 ## - DEWEY DECIMAL CLASSIFICATION NUMBER
Edition number 23
Classification number 370.1
Author mark and year SAI 1960
100 1# - MAIN ENTRY--PERSONAL NAME
Personal name Saiyidain, K. G.
9 (RLIN) 182650
245 10 - TITLE STATEMENT
Title Iqbal's educational philosophy /
Statement of responsibility, etc. by K. G. Saiyidain
250 ## - EDITION STATEMENT
Edition statement 5th rev. ed.
260 ## - PUBLICATION, DISTRIBUTION, ETC. (IMPRINT)
Place of publication, distribution, etc. Lahore :
Name of publisher, distributor, etc. Sh. Muhammad Ashraf,
Date of publication, distribution, etc. 1960.
300 ## - PHYSICAL DESCRIPTION
Pagination xiii, 260 p. ;
Size 19 cm.
500 ## - GENERAL NOTE
General note Includes index.
600 10 - SUBJECT ADDED ENTRY--PERSONAL NAME
Personal name Iqbal, Muhammad
Titles and other words associated with a name Sir,
Dates associated with a name 1877-1938.
650 ## - SUBJECT ADDED ENTRY--TOPICAL TERM
Topical term or geographic name as entry element Education
General subdivision Philosophy
9 (RLIN) 183186
942 ## - ADDED ENTRY ELEMENTS (KOHA)
Source of classification or shelving scheme Dewey Decimal Classification
Koha item type Books
Holdings
Lost status Source of classification or shelving scheme Damaged status Not for loan Collection code Permanent Location Current Location Shelving location Date acquired Source of acquisition Cost, normal purchase price Total Checkouts Full call number Date last seen Copy number Koha item type
  Dewey Decimal Classification     Non-fiction Central Library, University of Rajshahi Central Library, University of Rajshahi Reading Room 02/01/1961 Lahore,sh.md.Ashraf 6.00   370.1 SAI 1960 16/01/2017 C-1 Books